000 00418nam a2200181Ia 4500
008 240510s9999 xx 000 0 und d
020 _a97895502010705
041 _asih
082 _a920
082 _bA12
100 _aABEYSINGHE, W.A.
245 0 _aMartin Wickramasinghe Maha Gathkaru Watha (1st Part)
260 _bSarasa (pvt) Ltd
260 _c2009
300 _a559 p.
942 _2ddc
942 _cLBK
999 _c28514
_d28514
945 _a1
_bMadushi Gamage
_c1
_dMadushi Gamage